| 000 | 00438nam a2200181Ia 4500 | ||
|---|---|---|---|
| 005 | 20250423100940.0 | ||
| 008 | 250422s9999 xx 000 0 und d | ||
| 020 | _a9780503683 | ||
| 050 | _aHM 51 .S25/ | ||
| 100 | _aEdited by Salawu B. | ||
| 245 | 0 | _aSociology: concepts and themes | |
| 260 | _aBasorn Ibadan | ||
| 260 | _bCresthill Publishers Ltd. | ||
| 260 | _c2003 | ||
| 300 | _a328 p | ||
| 650 | _aSociology. | ||
| 942 | _cBK | ||
| 999 |
_c34830 _d34830 |
||